00918cam a2200241 a 450000100100000000500170001000800410002704000380006808200200010610000510012624500380017726000410021530000210025649000740027765000270035165000290037883000820040791000330048991000070052204900090052995201230053899900150066100000459820200929151452.0790517s1985 cl 000 d spa d aDO-SdBNPcNmLcUdOCoLCdUSlWdDLC a832.6bG599faus1 aGoethe, Johann Wolfgang Von,d1749-183291299510aFausto /cJohann Wolfgang Goethe. aSantiago de Chile :bErcilla,c1985. a269 p. ;c18 cm.1 aBiblioteca Ercilla. Los mejores libros de la literatura universalv10 4aTeatro alemán912996 4aLiteratura alemana93274 0aBiblioteca Ercilla. Los mejores libros de la literatura universal ;v1098200 aCatalogación derivada / LC aWM aBNGR 001054708MOaGRbGRcHDd2009-07-23iLF1l0o832.6 G599fausp4598-10r2020-06-25w2020-06-25y4ZPréstamo en sala c4406d4406